Russian Economic Reform (Record no. 96382)

MARC details
000 -LEADER
fixed length control field 01261nam a2200229Ii 4500
008 - FIXED-LENGTH DATA ELEMENTS--GENERAL INFORMATION
fixed length control field 221202s xx 000 0 und d
100 1# - MAIN ENTRY--PERSONAL NAME
Personal name Leitzel, James,
Relator term author
245 #0 - TITLE STATEMENT
Title Russian Economic Reform
264 ## - PRODUCTION, PUBLICATION, DISTRIBUTION, MANUFACTURE, AND COPYRIGHT NOTICE
Name of producer, publisher, distributor, manufacturer Taylor & Francis
Date of production, publication, distribution, manufacture, or copyright notice 1995
300 ## - PHYSICAL DESCRIPTION
Extent 1 online resource
336 ## - CONTENT TYPE
Content type term text
Content type code txt
Source rdacontent
337 ## - MEDIA TYPE
Media type term computer
Media type code c
Source rdamedia
338 ## - CARRIER TYPE
Carrier type term online resource
Carrier type code cr
Source rdacarrier
520 ## - SUMMARY, ETC.
Summary, etc. Transitions from socialism to capitalism are complex, both in theory and practice. Russian Economic Reform enables the reader to come to a much better understanding of these momentous changes, by providing a clear and accessible account of the major features of transition. It argues that attempts to portray the reform process is a disaster are misconceived, because they fail to take account of just how badly the pre-reform economy was doing. Many of the problems that are emerging now have their antecedents in the earlier economic system.
653 ## - INDEX TERM--UNCONTROLLED
Uncontrolled term Economy
653 ## - INDEX TERM--UNCONTROLLED
Uncontrolled term Free
653 ## - INDEX TERM--UNCONTROLLED
Uncontrolled term Partial
653 ## - INDEX TERM--UNCONTROLLED
Uncontrolled term Pre-Reform
653 ## - INDEX TERM--UNCONTROLLED
Uncontrolled term Prices
856 ## - ELECTRONIC LOCATION AND ACCESS
Uniform Resource Identifier <a href="https://docs.google.com/spreadsheets/d/1yKIrdCPDAG_9c22mwoOIO2DOhtj65Wqa/edit?usp=sharing&ouid=106555315294820607512&rtpof=true&sd=true ">https://docs.google.com/spreadsheets/d/1yKIrdCPDAG_9c22mwoOIO2DOhtj65Wqa/edit?usp=sharing&ouid=106555315294820607512&rtpof=true&sd=true </a>
Link text List of Curated E-Books
942 ## - ADDED ENTRY ELEMENTS (KOHA)
Koha item type E-Book

No items available.

University of Rizal System
Email us at univlibservices@urs.edu.ph

Visit our Website www.urs.edu.ph/library